USA geography A-Z - Statistics

General Stats
  • This quiz has been taken 2,083 times
    2,053 since last reset
  • The average score is 18 of 25
Answer Stats
Hint Answer % Correct
W Capital of US Washington D.C.
93%
N Largest City Population New York
92%
T largest state until 1958 Texas
89%
F Peninsula in southeast US Florida
88%
K Bluegrass state Kentucky
87%
H Archipelago State Hawaii
86%
L Pelican state Louisiana
86%
Y First National Park Yellowstone
83%
U BYU's state Utah
82%
J Capital of Alaska Juneau
81%
V first colony Virginia
81%
S Bay area city San Francisco
80%
R Largest chain of mountains Rocky Mountains
79%
G Home to the largest Athens Georgia
78%
C Sea near the Bahamas Caribbean Sea
76%
P Where the Liberty Bell is Philadelphia, Pennsylvania
76%
E Canal connecting 2 great lakes Erie Canal
75%
M Land of 10,000 Lakes Minnesota
74%
A Mountain Range Appalachian Mountains
73%
I NASCAR Indianapolis
64%
D Mt. Mckinley's native name Denali
63%
Q President's name Quincy
53%
Z Popular church name Zion
45%
O Area of lakes in Missouri Lake of the Ozarks
37%
B Smaller Range in ^ Blue Ridge Mountains
16%
No matching quizzes found
Score Distribution
Percent of People with Each Score
Percentile by Number Answered
Your Score History
You have not taken this quiz since the last reset